Theory of Quality of Business Strategy in Practice

Rozoberanie obchodnej stratégie v oblasti hutníctva na východnom Slovensku.

Enregistré dans:
Détails bibliographiques
Auteur principal: Potoma, Radoslav, 1992-
Autres auteurs: Blaščák, Pavel, 1978-, Rajfur, Piotr
Format: Chapitre de livre
Langue:anglais
Sujets:
Tags: Ajouter un tag
Pas de tags, Soyez le premier à ajouter un tag!

MARC

LEADER 00000naa$a2200000$$$4500
001 0267911
005 20240502074213.6
041 0 |a eng 
044 |a SK 
245 1 0 |a Theory of Quality of Business Strategy in Practice  |c Radoslav Potoma, Pavel Blaščák, Piotr Rajfur 
520 |a Rozoberanie obchodnej stratégie v oblasti hutníctva na východnom Slovensku. 
610 2 0 |a konkurencia 
610 2 0 |a hutníctvo 
610 2 0 |a marketing 
610 2 0 |a podnikanie 
610 2 0 |a stratégia obchodná 
100 1 |a Potoma, Radoslav, 1992- 
700 1 |a Blaščák, Pavel, 1978- 
700 1 |a Rajfur, Piotr